| 000 | 00519nam a22001457a 4500 | ||
|---|---|---|---|
| 999 |
_c193916 _d193916 |
||
| 005 | 20221123152802.0 | ||
| 010 | _aE.N.A./7.11.22 | ||
| 020 |
_a9789392594441 _c1100.00 |
||
| 037 | _bEss Ess Publications | ||
| 245 |
_aLIBRARY MANAGEMENT DURING PANDEMIC/ _bIssues and Challenges _cedi. by Md. Alamgir khan & Shamim Aktar Munshi |
||
| 260 |
_bEss Ess Publications _c2022 _aNew Delhi |
||
| 270 |
_a4831/24, Ansari Road , Darya Ganj, _bNew Delhi _e110002 |
||
| 300 |
_axvii 269p _b23cm (HB) _cill. |
||
| 942 |
_2ddc _cEN _e2022 _mkHA |
||